00269nam a2200109Ia 4500008004100000041000800041082001700049100002100066245002700087260003800114365000700152240624s9999 xx 000 0 und d aeng a332.178 MOH  aMOHANTY DEBAJANI aBLOCKCHAIN FOR DUMMIES c2017aNew DelhibBPB Publications cRS